00291 a2200121 4500001000700000020000600007040001100013100003600024240004700060245004200107362000900149440001100158170136 a  cMagnum aFreitas, Marcos Cezar de (Org.)10aHistoria social da infancia no brasillpor10aHistoria social da infancia no brasil0 a1899 1aCortez